Developing Communication Skills (Record no. 320393)
[ view plain ]
| 000 -LEADER | |
|---|---|
| fixed length control field | 00402nam a2200157Ia 4500 |
| 008 - FIXED-LENGTH DATA ELEMENTS--GENERAL INFORMATION | |
| fixed length control field | 230718s9999 xx 000 0 und d |
| 041 ## - LANGUAGE CODE | |
| Language code of text/sound track or separate title | eng |
| 082 ## - DEWEY DECIMAL CLASSIFICATION NUMBER | |
| Classification number | 372.6 |
| Item number | MOH |
| 100 ## - MAIN ENTRY--PERSONAL NAME | |
| Personal name | Mohan K. |
| 245 ## - TITLE STATEMENT | |
| Title | Developing Communication Skills |
| 260 ## - PUBLICATION, DISTRIBUTION, ETC. (IMPRINT) | |
| Date of publication, distribution, etc. | 2008 |
| Name of publisher, distributor, etc. | Macmillan |
| 300 ## - PHYSICAL DESCRIPTION | |
| Extent | 295 |
| 365 ## - TRADE PRICE | |
| Currency code | Rs. |
| Price amount | 168.00 |
| 700 ## - ADDED ENTRY--PERSONAL NAME | |
| Personal name | Mohan K. & Banerji M. |
| 9 (RLIN) | 108979 |
| 906 ## - LOCAL DATA ELEMENT F, LDF (RLIN) | |
| d | B:694111-Dec-2008 |
| c | SS |
| b | 110.88 |
| Withdrawn status | Lost status | Damaged status | Not for loan | Home library | Current library | Date acquired | Vendor | Budget Code | Cost, normal purchase price | Bill number | Total Checkouts | Full call number | Barcode | Date last seen | Discount | Cost, replacement price | Bill Date | Koha item type | Original Barcode |
|---|---|---|---|---|---|---|---|---|---|---|---|---|---|---|---|---|---|---|---|
| Cummins College of Engineering for Women Pune | Cummins College of Engineering for Women Pune | 25/02/2009 | Tbs | SS | 131.04 | 6941 | 372.6 | CCEP-BK-31600 | 18/07/2023 | 110.88 | 168.00 | 11/12/2008 | Books | 031600 |